000 00701nam a2200229Ia 4500
003 OSt
005 20220211104158.0
008 210716s2010 xx 000 0 und d
020 _a9789352605446
040 _cAIMIT LIBRARY
041 _aeng
082 _a658.3
_28
_bASWK
100 _aAswathappa, K.
_919199
245 _aHuman resource management :
_btext and cases /
_cBy K Aswathappa.
250 _a8th ed.
260 _aNew Delhi :
_bTata McGraw Hill Publishing Company Ltd ;
_c2010.
300 _axxxvii, 858p ;
_c23cm.
650 _aRecruiting tatent
_919200
650 _aSelecting right talent
_919201
650 _aCompensation management
_919202
942 _2ddc
_cBK
_e8th
_k658.3 ASWK
999 _c211050
_d211050